000 00531nam a2200217Ia 4500
003 OSt
005 20230517160358.0
008 210423s2011 xx 000 0 und d
020 _a9780071313674
040 _cAL
041 _aeng
082 _a576 WILJ
_223
100 _aWILLEY (Joanne M); others.
_9107192
245 _aPrescotts microbiology.
250 _a8
260 _aNew York
_bMcGrawhill
_c2011
300 _axviii,1070
_bPB
365 _b2887.43
_cINR
906 _amicrobiology. ; Prescotts
942 _2ddc
_cBK
999 _c164943
_d164943